000 00462nam a22001697a 4500
005 20251108170023.0
008 250721s1986 xx 000 0 ara d
082 1 4 _aط/ق/جوز
100 1 _aمسعود، جوزفين
245 1 0 _aسمايا :
_bإبنة الفضاء و الأرض /
250 _aط3
264 1 _aبيروت :
_bبيت الحكمة،
_c1986.
300 _a91ص
650 1 7 _aأدب الأطفال
942 _2ddc
_cBK
999 _c37605
_d37605